000 nam a22 7a 4500
999 _c40622
_d40622
003 OSt
005 20170923164559.0
008 170923b xxu||||| |||| 00| 0 eng d
040 _csero soft
100 _aAIR
245 _aAll India Reporter
260 _bNagpur AIR PVT
942 _2ddc
_c01